Landen van Noord-Amerika - Klikquiz - Statistieken

Algemene statistieken
  • Deze quiz is 106 keer genomen
  • De gemiddelde score is 12 van 23
Antwoorden op de kaart
Antwoorden kleurgecodeerd door een groen-rode schaal op de quizkaart volgens % correct hieronder.
 
Antwoordstatistieken
Antwoord % Correct
Verenigde Staten
97%
Canada
94%
Mexico
91%
Bahama's
72%
Panama
69%
Cuba
63%
Costa Rica
59%
Haïti
59%
El Salvador
56%
Guatemala
56%
Belize
53%
Honduras
53%
Nicaragua
53%
Dominicaanse Republiek
50%
Jamaica
47%
Antigua en Barbuda
34%
Trinidad en Tobago
34%
Barbados
28%
Saint Lucia
28%
Dominica
25%
Grenada
25%
Saint Kitts en Nevis
25%
Saint Vincent en de Grenadines
19%
Geen overeenkomende quizzen gevonden
Scoreverdeling
Procent van Mensen met Elke Score
Percentiel versus Aantal Correcte Antwoorden
Uw Scoregeschiedenis
U heeft deze quiz nog niet genomen